| 000 | 00312nam a2200133u 4500 | ||
|---|---|---|---|
| 082 |
_a629.13634 _bDEP |
||
| 110 | 1 |
_aUnited States. _921185 |
|
| 245 | 0 | 0 | _aAdvisory circular. |
| 260 |
_a[n.p., _cn.d.] |
||
| 300 | _ap. cm. | ||
| 526 |
_a0 _b0 _c0 _d629_136340000000000_DEP |
||
| 650 |
_aMCE _9379 |
||
| 942 |
_2ddc _cBK |
||
| 999 |
_c548232 _d548232 |
||